Les Meilleurs Buteurs du PSG (encore en carrière) - Statistiques

Statistiques générales
  • Ce quiz a été pris 162 fois
  • Le résultat moyen est 5 sur 9
Statistiques - réponses
Hint Réponse % Correct
200 Cavani
99%
256 Mbappe
99%
118 Neymar
90%
93 Di Maria
76%
38 Marquinhos
50%
38 Icardi
43%
46 Lucas Moura
25%
57 Hoarau
12%
48 Nenê
6%
Aucun quiz correspondant
Distribution des résultats
% des personnes avec chaque résultat
Percentile par nombre de réponses
Votre historique - résultats
Vous n’avez pas pris ce quiz